[Event "4.Open del Santo A"]
[Site "Padova"]
[Date "2017.02.11"]
[Round "3.5"]
[White "Zanchetta, Nicola"]
[Black "Bertani, Gianfranco"]
[Result "1-0"]
[WhiteElo "1978"]
[BlackElo "2039"]
[Annotator "Gabriele Ballarin"]
[PlyCount "131"]
[EventDate "2017.??.??"]
[EventType "swiss"]
[EventCountry "ITA"]

1. e4 c5 2. Nf3 e6 3. d3 Nc6 4. c3 Qc7 5. g3 b6 6. Bg2 Bb7 7. Na3 a6 8. O-O Nf6 9. Re1 Be7 10. Nc4 b5 11. Ne3 O-O 12. h4 c4 13. e5 Nd5 14. dxc4 (14. Nxd5 exd5 15. Bf4 $16) 14... Nxe3 15. Bxe3 bxc4 16. Bf4 Bc5 17. Qc2 (17. Ng5 h6 18. Ne4 Be7 19. Nf6+ $18) 17... Ne7 18. Ng5 g6 19. Bxb7 Qxb7 20. Ne4 Qc6 21. Bh6 Rfb8 22. Rad1 Rb7 23. Qd2 Nd5 24. Qe2 Rab8 25. Rd2 Be7 26. h5 Qc7 27. Bf4 (27. f4 $14) 27... Kh8 28. h6 Nxf4 29. gxf4 Rb5 30. Red1 Rd8 31. Qe3 Qb7 32. Qd4 Kg8 33. Nd6 Qf3 34. Nxb5 axb5 35. Qe3 Qc6 36. Kh2 (36. Qa7 Qf3 37. Rxd7 $18) 36... Kf8 37. Kg3 Ke8 38. f3 Bf8 39. Qe4 Qa6 40. a3 Qb6 41. a4 Bc5 42. Kg2 bxa4 43. Qxc4 Be3 44. Re2 g5 45. Qe4 gxf4 46. Qxh7 Qb5 47. Qh8+ Ke7 48. Qf6+ Ke8 49. Rde1 (49. Rxe3 fxe3 50. h7 Qe2+ 51. Kh3 $18) 49... Qd3 50. Qg7 Qg6+ 51. Kf1 Ke7 52. Qxg6 fxg6 53. Ra1 d6 54. exd6+ Rxd6 55. h7 Rd8 56. Rh2 Rh8 57. Rxa4 Kf6 58. Rc4 Ke5 59. Rc7 Kf6 60. b4 g5 61. Rh6+ Kf5 62. Rf7+ Ke5 63. Rg7 Ra8 64. Rxg5+ Kd6 65. h8=Q Ra1+ 66. Ke2 1-0

[Event "4.Open del Santo A"]
[Site "Padova"]
[Date "2017.02.12"]
[Round "4"]
[White "Vizireanu, Dragos"]
[Black "Zanchetta, Nicola"]
[Result "0-1"]
[WhiteElo "1881"]
[BlackElo "1978"]
[Annotator "Gabriele Ballarin"]
[PlyCount "98"]
[EventDate "2017.??.??"]
[EventType "swiss"]
[EventCountry "ITA"]

1. e4 e6 2. d4 d5 3. Nc3 dxe4 4. Nxe4 Bd7 5. Nf3 Bc6 6. Bd3 Nd7 7. Qe2 Ngf6 8. Bg5 Be7 9. Nxf6+ Bxf6 10. Bxf6 Qxf6 11. Be4 Bxe4 12. Qxe4 O-O-O 13. O-O g5 14. c4 h5 15. a4 g4 16. Ne5 Nxe5 17. dxe5 Qe7 18. b4 Qd7 19. Rfe1 Qd4 (19... Qd2 20. Rac1 Rd4 21. Qb1 Rhd8 $17) 20. Rac1 Rd7 21. c5 Qxe4 22. Rxe4 Rhd8 23. g3 Rd4 24. Rc4 Rd1+ (24... Rxc4 25. Rxc4 Rd5 26. Rf4 a5 27. c6 axb4 28. cxb7+ Kxb7 29. Rxb4+ Kc6 30. Rf4 Rd7 $15) 25. Kg2 Ra1 26. h3 gxh3+ 27. Kxh3 Rxa4 28. Rf4 Rd7 29. Kh4 a5 30. bxa5 Rxa5 31. Kxh5 Rd5 32. Rxf7 (32. g4 Rxe5+ 33. Kh6 $16) 32... Rxe5+ 33. Kg6 Raxc5 34. Rxc5 Rxc5 35. Kf6 b5 36. g4 b4 37. Rh7 b3 38. Rh1 Kd7 39. Rb1 Rc3 40. Rd1+ Ke8 41. Kxe6 b2 42. Rb1 Rc6+ 43. Kd5 Rc2 44. f4 c5 45. g5 Kf7 46. f5 c4 47. Re1 Rc1 48. g6+ Kf8 49. Re6 b1=Q 0-1

[Event "4.Open del Santo A"]
[Site "Padova"]
[Date "2017.02.12"]
[Round "5"]
[White "Carini, Massimo"]
[Black "Zanchetta, Nicola"]
[Result "1/2-1/2"]
[WhiteElo "1988"]
[BlackElo "1978"]
[Annotator "Gabriele Ballarin"]
[PlyCount "39"]
[EventDate "2017.??.??"]
[EventType "swiss"]
[EventCountry "ITA"]

1. e4 c5 2. c3 e6 3. Nf3 Nc6 4. d4 cxd4 5. cxd4 d5 6. e5 Bd7 7. a3 Rc8 8. b4 Qb6 9. Bb2 Nxb4 10. axb4 Qxb4+ 11. Qd2 Rc2 12. Ba3 Qxd2+ 13. Nfxd2 a6 14. Bd3 Rc7 15. Ke2 Bxa3 16. Nxa3 Ne7 17. Rhc1 Nc6 18. Ke3 Ke7 19. Nb3 Rhc8 20. f4 (20. Nc5 Nxe5 $16) 1/2-1/2

[Event "77. C.to Provinciale VR"]
[Site "Verona ITA"]
[Date "2017.01.14"]
[Round "1.2"]
[White "Zenti, Edoardo"]
[Black "Zenari, Marco"]
[Result "0-1"]
[WhiteElo "1676"]
[BlackElo "2024"]
[Annotator "Gabriele Ballarin"]
[PlyCount "114"]
[EventDate "2017.01.14"]
[EventType "swiss"]
[EventRounds "6"]
[EventCountry "ITA"]

1. e4 c5 2. Nf3 d6 3. d4 cxd4 4. Qxd4 Nc6 5. Bb5 Bd7 6. Bxc6 Bxc6 7. Nc3 Nf6 8. Bg5 e6 9. O-O-O Be7 10. Kb1 O-O 11. h4 h6 12. e5 dxe5 13. Qxe5 Qb8 14. Bxf6 Bxf6 15. Qe3 Qc7 16. Ne4 Bxe4 17. Qxe4 Qb6 18. b3 Qa5 19. Ng5 Rfd8 20. Qh7+ Kf8 21. Ne4 Qe5 22. Nxf6 Qxf6 23. g4 Rac8 24. g5 Qc3 25. gxh6 g6 26. Rxd8+ Rxd8 27. h5 Rd2 28. Rc1 Qf6 29. hxg6 Qxg6 30. Qh8+ Qg8 31. Qc3 Re2 32. Rh1 Qh7 33. Qf6 Rd2 34. Qc3 Rd7 35. Qc5+ Ke8 36. Rg1 b6 37. Qg5 Kf8 38. Qf6 Rd2 39. Qc3 Qxh6 40. Qc8+ Ke7 41. Qb7+ Rd7 42. Qe4 Qh2 43. Qb4+ Rd6 44. Rd1 a5 45. Qa3 Qf4 46. Qxd6+ Qxd6 47. Rxd6 Kxd6 48. Kc1 Kd5 49. f3 e5 50. Kd2 e4 51. fxe4+ Kxe4 52. a4 f5 53. c3 f4 54. b4 f3 55. bxa5 bxa5 56. c4 Kd4 57. c5 Kxc5 0-1

[Event "77. C.to Provinciale VR"]
[Site "Verona ITA"]
[Date "2017.01.14"]
[Round "1.4"]
[White "Kurylovich, Alena"]
[Black "Zanchetta, Nicola"]
[Result "0-1"]
[WhiteElo "1644"]
[BlackElo "1967"]
[Annotator "Gabriele Ballarin"]
[PlyCount "86"]
[EventDate "2017.01.14"]
[EventType "swiss"]
[EventRounds "6"]
[EventCountry "ITA"]

1. c4 Nf6 2. Nc3 b6 3. Nf3 Bb7 4. g3 e6 5. Bg2 Bb4 6. O-O O-O 7. a3 Bxc3 8. bxc3 d6 9. Re1 Nbd7 10. d3 Rb8 11. a4 a5 12. Ra2 e5 13. Rb2 e4 14. Nd4 Nc5 15. Nf5 Bc8 16. Ne3 exd3 17. exd3 Bd7 18. Ra2 Qc8 19. Nd5 Nxd5 20. Bxd5 Bg4 21. Bf3 Bxf3 22. Qxf3 Qd7 23. Qd1 Rbe8 24. Be3 Qf5 25. Bxc5 Qxc5 26. Rae2 Rxe2 27. Rxe2 Qh5 28. Qd2 f5 29. Re7 f4 30. gxf4 Qg4+ 31. Kf1 Rxf4 32. Qe2 Qh3+ 33. Ke1 h5 34. Rxc7 Qxh2 35. Re7 Qg1+ 36. Qf1 Qg5 37. Qe2 Rg4 38. Re3 h4 39. Qf3 Rf4 40. Qd5+ Qxd5 41. cxd5 Rxa4 42. Re6 Ra1+ 43. Ke2 h3 0-1

[Event "77. C.to Provinciale VR"]
[Site "Verona ITA"]
[Date "2017.01.14"]
[Round "1.9"]
[White "Galliera, Dino"]
[Black "Jirillo, Antonio"]
[Result "1/2-1/2"]
[WhiteElo "1819"]
[BlackElo "1593"]
[Annotator "Gabriele Ballarin"]
[PlyCount "94"]
[EventDate "2017.01.14"]
[EventType "swiss"]
[EventRounds "6"]
[EventCountry "ITA"]

1. d4 Nf6 2. c4 e6 3. Nc3 Bb4 4. Qc2 b6 5. a3 Bxc3+ 6. Qxc3 Bb7 7. Nf3 Ne4 8. Qc2 Qf6 9. g3 Nxf2 10. Kxf2 h6 11. Bg2 Nc6 12. Be3 g5 13. h3 O-O-O 14. Rhf1 Qg7 15. Rad1 f5 16. d5 f4 17. dxc6 fxe3+ 18. Kxe3 Bxc6 19. Qc3 Qe7 20. Kd2 Qd6+ 21. Kc1 Qxg3 22. Ne1 Qh4 23. Bxc6 dxc6 24. Rxd8+ Rxd8 25. Ng2 Qe4 26. Ne3 Kb7 27. Rf3 Rd4 28. Qc2 Qh4 29. Qc3 c5 30. b3 h5 31. Ng2 Qe4 32. Qe3 Qg6 33. Ne1 g4 34. hxg4 Rxg4 35. Nd3 Rg1+ 36. Kb2 h4 37. Rh3 Qf6+ 38. Ne5 Rf1 39. Rf3 Rxf3 40. exf3 h3 41. f4 h2 42. Qf3+ Ka6 43. Qg2 Qh8 44. Qh1 Qh4 45. Nf3 Qf2+ 46. Ka1 Qc2 47. Nxh2 Qc3+ 1/2-1/2

[Event "77. C.to Provinciale VR"]
[Site "Verona ITA"]
[Date "2017.01.15"]
[Round "2.5"]
[White "Negro, Raffaele"]
[Black "Ferrara, Pietro"]
[Result "1-0"]
[WhiteElo "1804"]
[BlackElo "1915"]
[Annotator "Gabriele Ballarin"]
[PlyCount "87"]
[EventDate "2017.01.14"]
[EventType "swiss"]
[EventRounds "6"]
[EventCountry "ITA"]

1. d4 d5 2. Bf4 c5 3. e4 dxe4 4. d5 Nf6 5. Nc3 Bg4 6. Bb5+ Nbd7 7. f3 exf3 8. Nxf3 a6 9. Bxd7+ Qxd7 10. h3 Bh5 11. g4 Nxg4 12. hxg4 Qxg4 13. Rxh5 Qxh5 14. Bh2 g5 15. Qe2 g4 16. Ne5 Qh4+ 17. Qf2 Qxf2+ 18. Kxf2 h5 19. Ne4 h4 20. Bf4 g3+ 21. Kg2 Bh6 22. Bxh6 Rxh6 23. c4 Rh5 24. Nf3 f5 25. Nxc5 O-O-O 26. Rh1 Rdh8 27. Rh3 R5h7 28. Ne6 Kd7 29. c5 Rh6 30. Ne5+ Ke8 31. b4 Rxe6 32. dxe6 Rh6 33. Ng4 Rxe6 34. Rxh4 Rg6 35. Ne5 Rf6 36. Rh8+ Rf8 37. Rxf8+ Kxf8 38. Kxg3 Kg7 39. Kf4 Kf6 40. a4 Ke6 41. c6 bxc6 42. Nxc6 Kd6 43. Nb8 a5 44. b5 1-0

[Event "77. C.to Provinciale VR"]
[Site "Verona ITA"]
[Date "2017.01.15"]
[Round "2.10"]
[White "Menini, Luca"]
[Black "Galliera, Dino"]
[Result "0-1"]
[WhiteElo "1612"]
[BlackElo "1819"]
[Annotator "Gabriele Ballarin"]
[PlyCount "66"]
[EventDate "2017.01.14"]
[EventType "swiss"]
[EventRounds "6"]
[EventCountry "ITA"]

1. Nf3 d5 2. b3 Nf6 3. Bb2 e6 4. g3 Be7 5. Bg2 O-O 6. O-O b6 7. d4 Nbd7 8. Nbd2 Bb7 9. Rc1 Rc8 10. c4 dxc4 11. Rxc4 Bd5 12. Rc2 c5 13. Qb1 cxd4 14. Nxd4 Rxc2 15. Qxc2 Bxg2 16. Kxg2 Qa8+ 17. Kg1 Rc8 18. Qb1 Bb4 19. Rd1 a6 20. N2f3 h6 21. Nxe6 fxe6 22. Rxd7 Nxd7 23. Qg6 Bc3 24. Qxe6+ Kh8 25. Bxc3 Rxc3 26. Qxd7 Rc1+ 27. Kg2 Rc2 28. h4 Rxe2 29. g4 Qe4 30. Qc8+ Kh7 31. g5 Rxa2 32. Kg3 h5 33. Qd7 Rb2 0-1

[Event "77. C.to Provinciale VR"]
[Site "Verona ITA"]
[Date "2017.01.15"]
[Round "2.11"]
[White "Tencheni, Maurizio"]
[Black "Magnabosco, Mauro Denis"]
[Result "1/2-1/2"]
[WhiteElo "1690"]
[BlackElo "1767"]
[Annotator "Gabriele Ballarin"]
[PlyCount "71"]
[EventDate "2017.01.14"]
[EventType "swiss"]
[EventRounds "6"]
[EventCountry "ITA"]

1. c4 c5 2. e3 e6 3. b3 Nf6 4. Bb2 Be7 5. Nf3 d6 6. Be2 Nc6 7. O-O O-O 8. d3 b6 9. a3 Bb7 10. Nbd2 Qc7 11. Rc1 Rad8 12. Qc2 Qc8 13. Rfe1 d5 14. cxd5 Rxd5 15. Qb1 Qd8 16. h3 Rd7 17. Nc4 Qa8 18. Bf1 Rfd8 19. Rcd1 Ne8 20. d4 f6 21. Bc3 Nc7 22. dxc5 Bxc5 23. b4 Bf8 24. Nd4 Ne7 25. Nd2 e5 26. N4f3 Kh8 27. e4 Nc6 28. Nb3 Ne7 29. Nfd2 Ne6 30. f3 Nc6 31. Bb5 a6 32. Bc4 Ned4 33. Nxd4 Nxd4 34. Nb3 Nxb3 35. Qxb3 b5 36. Be2 1/2-1/2

[Event "77. C.to Provinciale VR"]
[Site "Verona ITA"]
[Date "2017.01.15"]
[Round "2.12"]
[White "Pisani, Valerio"]
[Black "Levan, Alessandro"]
[Result "1/2-1/2"]
[WhiteElo "1702"]
[BlackElo "1590"]
[Annotator "Gabriele Ballarin"]
[PlyCount "74"]
[EventDate "2017.01.14"]
[EventType "swiss"]
[EventRounds "6"]
[EventCountry "ITA"]

1. e4 e5 2. Nf3 d6 3. d4 exd4 4. Nxd4 Nf6 5. Nc3 Be7 6. Bd3 Bd7 7. h3 Nc6 8. Nf3 h6 9. Be3 a6 10. O-O O-O 11. a3 Qc8 12. Kh2 Nd8 13. Nd5 Nxd5 14. exd5 Bf5 15. Nd4 Bxd3 16. Qxd3 c6 17. Nf5 Qd7 18. Bd4 f6 19. Rae1 Rf7 20. c4 b5 21. b3 bxc4 22. bxc4 cxd5 23. cxd5 Nb7 24. Re3 Nc5 25. Bxc5 dxc5 26. d6 Bf8 27. Qd5 Rd8 28. Re6 Qb5 29. Rfe1 c4 30. Qf3 Qb7 31. Qg3 Kh7 32. Rd1 Qb3 33. Qxb3 cxb3 34. Rb1 Rfd7 35. Rxb3 Bxd6+ 36. Nxd6 Rxd6 37. Rxd6 Rxd6 1/2-1/2

[Event "77. C.to Provinciale VR"]
[Site "Verona ITA"]
[Date "2017.01.15"]
[Round "3.1"]
[White "De Paoli, Emilio"]
[Black "Zenari, Marco"]
[Result "1/2-1/2"]
[WhiteElo "1765"]
[BlackElo "2024"]
[Annotator "Gabriele Ballarin"]
[PlyCount "69"]
[EventDate "2017.01.14"]
[EventType "swiss"]
[EventRounds "6"]
[EventCountry "ITA"]

1. e4 c5 2. Nf3 d6 3. d4 cxd4 4. Nxd4 Nf6 5. Nc3 g6 6. Be3 Bg7 7. f3 O-O 8. Qd2 Nc6 9. O-O-O d5 10. Nxc6 bxc6 11. exd5 Nxd5 12. Nxd5 cxd5 13. Qxd5 Qc7 14. Qc5 Qb7 15. Bd4 Bf5 16. Bxg7 Rfc8 17. Rd8+ Rxd8 18. Bc3 Rac8 19. Qa5 Rd5 20. Qa4 Qb6 21. Bc4 Qe3+ 22. Kb1 Rb8 23. Ka1 Rd6 24. a3 Bd7 25. Qa5 Rc6 26. Re1 Qc5 27. Qxc5 Rxc5 28. Rxe7 Rxc4 29. Rxd7 a6 30. Rd6 a5 31. g3 a4 32. Rd3 Rbc8 33. Kb1 Kf8 34. Re3 R8c7 35. Bb4+ 1/2-1/2

[Event "77. C.to Provinciale VR"]
[Site "Verona ITA"]
[Date "2017.01.15"]
[Round "3.2"]
[White "Oppici, Gabriele"]
[Black "Negro, Raffaele"]
[Result "1-0"]
[WhiteElo "2018"]
[BlackElo "1804"]
[Annotator "Gabriele Ballarin"]
[PlyCount "73"]
[EventDate "2017.01.14"]
[EventType "swiss"]
[EventRounds "6"]
[EventCountry "ITA"]

1. d4 g6 2. Nf3 Bg7 3. Bf4 d6 4. e3 Nd7 5. Be2 e5 6. Bg3 Qe7 7. O-O Ngf6 8. c4 Ne4 9. Bh4 g5 10. Bg3 h5 11. h3 Nxg3 12. fxg3 g4 13. Nh4 Nf6 14. Nc3 Bh6 15. Qd3 e4 16. Qd2 gxh3 17. Nf5 Bxf5 18. Rxf5 Qe6 19. Raf1 Ng4 20. Bxg4 hxg4 21. Nd5 O-O-O 22. Qa5 Bxe3+ 23. Nxe3 hxg2 24. Nxg2 Rh7 25. Rf6 Qxc4 26. Qf5+ Kb8 27. Qxh7 Qxd4+ 28. Kh2 e3 29. Qc2 Rh8+ 30. Nh4 Qe5 31. Kg2 Qd5+ 32. Kg1 Qe5 33. Rxf7 c6 34. Rf8+ Rxf8 35. Rxf8+ Kc7 36. Rf7+ Kc8 37. Qf5+ 1-0

[Event "77. C.to Provinciale VR"]
[Site "Verona ITA"]
[Date "2017.01.15"]
[Round "3.6"]
[White "Zenti, Edoardo"]
[Black "Zanchetta, Nicola"]
[Result "0-1"]
[WhiteElo "1676"]
[BlackElo "1967"]
[Annotator "Gabriele Ballarin"]
[PlyCount "105"]
[EventDate "2017.01.14"]
[EventType "swiss"]
[EventRounds "6"]
[EventCountry "ITA"]

1. e4 e6 2. d4 d5 3. exd5 exd5 4. c4 Nf6 5. Nc3 c6 6. Bd3 Bb4 7. a3 Bxc3+ 8. bxc3 dxc4 9. Bxc4 O-O 10. Ne2 Nd5 11. O-O Bf5 12. a4 a5 13. Ng3 Be6 14. Qb3 Nd7 15. f4 N7f6 16. f5 Bd7 17. Bg5 Qb6 18. Qa3 Qc7 19. Ba2 h6 20. Bd2 b5 21. c4 bxc4 22. Bxc4 Qb6 23. Qd3 Nb4 24. Qc3 Nbd5 25. Qd3 Nb4 26. Qc3 Rad8 27. Kh1 Bc8 28. Qb3 Qxd4 29. Bc3 Qh4 30. Bxf6 Qxf6 31. Ne4 Qe5 32. Rae1 Qd4 33. f6 g6 34. Rf3 Nd5 35. Rd3 Qe5 36. Rg3 Bf5 37. Qb1 Rb8 38. Qc1 Qf4 39. Qxf4 Nxf4 40. Nd6 Be6 41. Bxe6 Nxe6 42. Nf5 Kh7 43. Ne7 Rb4 44. Kg1 Nd4 45. Nxg6 fxg6 46. Re7+ Kh8 47. Rxg6 Rb1+ 48. Kf2 Rb2+ 49. Ke1 Nf5 50. Rc7 Re8+ 51. Kd1 Ree2 52. g4 Ne3+ 53. Kc1 0-1

[Event "77. C.to Provinciale VR"]
[Site "Verona ITA"]
[Date "2017.01.15"]
[Round "3.15"]
[White "Perantoni, Matteo"]
[Black "Jirillo, Antonio"]
[Result "0-1"]
[WhiteElo "1611"]
[BlackElo "1593"]
[Annotator "Gabriele Ballarin"]
[PlyCount "108"]
[EventDate "2017.01.14"]
[EventType "swiss"]
[EventRounds "6"]
[EventCountry "ITA"]

1. e4 Nf6 2. e5 Nd5 3. c4 Nb6 4. d4 d6 5. exd6 exd6 6. Nc3 Nc6 7. Be2 Qe7 8. Be3 g6 9. Nf3 Bg7 10. O-O Bg4 11. Nd2 Bxe2 12. Nxe2 O-O 13. Qc2 Rfe8 14. Rfe1 Qd7 15. Nf3 Ne7 16. Rad1 Nf5 17. Bc1 Qc6 18. b3 a5 19. Bb2 a4 20. d5 Qc5 21. Bxg7 Kxg7 22. Qc3+ Kg8 23. Ned4 Rxe1+ 24. Rxe1 Nxd5 25. Qd2 Nb6 26. Nxf5 Qxf5 27. Qh6 Qh5 28. Qxh5 gxh5 29. Nd4 axb3 30. axb3 Kf8 31. Nb5 Rc8 32. g3 Nd7 33. b4 Ne5 34. Re3 Nxc4 35. Rc3 d5 36. Na3 Nxa3 37. Rxa3 b6 38. Kf1 c5 39. bxc5 bxc5 40. Ra6 Kg7 41. Ke2 Re8+ 42. Kd2 Re6 43. Ra4 f5 44. Rf4 Kf6 45. f3 Kg5 46. Kd3 h6 47. Kd2 Ra6 48. Ke1 Ra1+ 49. Kf2 Ra2+ 50. Kg1 d4 51. h3 Rc2 52. g4 hxg4 53. fxg4 fxg4 54. Rxg4+ Kf5 0-1

[Event "77. C.to Provinciale VR"]
[Site "Verona ITA"]
[Date "2017.01.21"]
[Round "4.5"]
[White "Zanchetta, Nicola"]
[Black "Peloni, Davide"]
[Result "1-0"]
[WhiteElo "1967"]
[BlackElo "1742"]
[Annotator "Gabriele Ballarin"]
[PlyCount "41"]
[EventDate "2017.01.14"]
[EventType "swiss"]
[EventRounds "6"]
[EventCountry "ITA"]

1. e4 c6 2. d4 d5 3. f3 dxe4 4. fxe4 e5 5. Nf3 Bg4 6. Bc4 Nf6 7. Bxf7+ Ke7 8. Bb3 Qxd4 9. Nxd4 Bxd1 10. Nf5+ Ke8 11. Kxd1 Nxe4 12. Rf1 Na6 13. Ng3 Nac5 14. Nxe4 Nxe4 15. Be3 Rd8+ 16. Ke2 Bb4 17. c3 Ba5 18. Nd2 Nf6 19. Nc4 Bc7 20. Bxa7 b5 21. Nd2 1-0

[Event "77. C.to Provinciale VR"]
[Site "Verona ITA"]
[Date "2017.01.21"]
[Round "4.6"]
[White "Leone, Cataldo"]
[Black "Ferrara, Pietro"]
[Result "1/2-1/2"]
[WhiteElo "1620"]
[BlackElo "1915"]
[Annotator "Gabriele Ballarin"]
[PlyCount "180"]
[EventDate "2017.01.14"]
[EventType "swiss"]
[EventRounds "6"]
[EventCountry "ITA"]

1. e4 e5 2. Nc3 Bc5 3. Nf3 d6 4. Na4 Nc6 5. Nxc5 dxc5 6. Bc4 Nf6 7. d3 Bg4 8. c3 O-O 9. O-O Na5 10. Bb5 c6 11. Ba4 c4 12. Bc2 c5 13. Bg5 Qe7 14. Qe2 b5 15. Rad1 Rad8 16. h3 Bh5 17. g4 Bg6 18. Nh4 h6 19. Nxg6 fxg6 20. Be3 cxd3 21. Rxd3 Rxd3 22. Bxd3 c4 23. Bc2 Nh7 24. Rd1 Qh4 25. Kh2 Ng5 26. Qf1 Rf3 27. Qg2 Rxh3+ 28. Kg1 Nf3+ 29. Kf1 Nh2+ 30. Ke2 Nxg4 31. Bxa7 Qh5 32. Kd2 Qg5+ 33. Ke2 Rh2 34. Qf3 Qh4 35. Rg1 Nf6 36. Bb6 Nc6 37. Rxg6 Rh3 38. Qg2 Qh5+ 39. Kd2 Rh2 40. Rxg7+ Kf8 41. Bc5+ Ke8 42. Qg3 Rh3 43. Qg6+ Qxg6 44. Rxg6 Kf7 45. Rg3 Rxg3 46. fxg3 Nd8 47. a4 bxa4 48. Ke3 Ne6 49. Bd6 Ng4+ 50. Kf3 h5 51. Bxa4 Ng5+ 52. Kg2 Nxe4 53. Bc7 Ke6 54. Ba5 Kd5 55. Be8 Nef6 56. Bf7+ Kc5 57. Bb4+ Kb5 58. Kf3 e4+ 59. Ke2 e3 60. Bd6 Nh6 61. Bg6 Nd5 62. Bxh5 Nf5 63. Be8+ Kb6 64. Be5 Kc5 65. g4 Nd6 66. Ba4 Ne4 67. Bd4+ Kd6 68. Bb5 Ng3+ 69. Kf3 Nf1 70. Bxc4 Nd2+ 71. Ke2 Nxc4 72. b3 Nf4+ 73. Ke1 Na5 74. Bxe3 Ng2+ 75. Ke2 Nxe3 76. Kxe3 Nxb3 77. Kf4 Ke6 78. Kg5 Kf7 79. Kh6 Kg8 80. Kg6 Nc5 81. c4 Nd7 82. Kf5 Kf7 83. g5 Nc5 84. Ke5 Kg6 85. Kd6 Na6 86. Kc6 Kxg5 87. Kb5 Nc7+ 88. Kc6 Ne6 89. Kd6 Kf6 90. Kd7 Ke5 1/2-1/2

[Event "77. C.to Provinciale VR"]
[Site "Verona ITA"]
[Date "2017.01.21"]
[Round "4.14"]
[White "Kurylovich, Alena"]
[Black "Martinelli, Franco"]
[Result "1-0"]
[WhiteElo "1644"]
[BlackElo "1514"]
[Annotator "Gabriele Ballarin"]
[PlyCount "81"]
[EventDate "2017.01.14"]
[EventType "swiss"]
[EventRounds "6"]
[EventCountry "ITA"]

1. c4 e5 2. Nc3 Nf6 3. g3 c6 4. Bg2 Bb4 5. Qc2 Na6 6. a3 Bxc3 7. Qxc3 d6 8. d3 Nc5 9. b4 Ne6 10. e3 O-O 11. Ne2 Re8 12. O-O Ng5 13. f4 Nh3+ 14. Kh1 Bg4 15. Ng1 Nxg1 16. Kxg1 Rb8 17. h3 Bc8 18. Kh2 e4 19. Bb2 h6 20. dxe4 Qe7 21. Rad1 Qf8 22. e5 dxe5 23. fxe5 Nh7 24. a4 Be6 25. b5 c5 26. Rd6 b6 27. Bc6 Re7 28. Bd5 Bxd5 29. cxd5 Ng5 30. Qd3 Qc8 31. g4 c4 32. Qe2 h5 33. Rf5 Nh7 34. Rc6 Qd7 35. Qxc4 g6 36. Rf2 h4 37. Qd4 Rf8 38. e6 f6 39. exd7 Rxd7 40. d6 Kg7 41. Rc7 1-0

[Event "77. C.to Provinciale VR"]
[Site "Verona ITA"]
[Date "2017.01.22"]
[Round "5.1"]
[White "Zenari, Marco"]
[Black "Oppici, Gabriele"]
[Result "1-0"]
[WhiteElo "2024"]
[BlackElo "2018"]
[Annotator "Gabriele Ballarin"]
[PlyCount "95"]
[EventDate "2017.01.14"]
[EventType "swiss"]
[EventRounds "6"]
[EventCountry "ITA"]

1. e4 Nc6 2. d4 e5 3. Nf3 exd4 4. Nxd4 Bb4+ 5. c3 Bc5 6. Be3 Bb6 7. Qg4 Kf8 8. Qg3 d6 9. Nd2 Nxd4 10. cxd4 Qf6 11. Rc1 Ne7 12. Bd3 Nc6 13. Nb3 Qg6 14. Bb1 Na5 15. Nxa5 Bxa5+ 16. Kf1 Bd7 17. Qxg6 Bb5+ 18. Kg1 hxg6 19. f3 Rd8 20. Kf2 Bb6 21. Rc3 c6 22. Bd3 Bxd3 23. Rxd3 Rh5 24. g4 Rb5 25. b3 Re8 26. Bd2 Bd8 27. h4 f5 28. a4 fxe4 29. fxe4 Rb6 30. Ba5 Ra6 31. Bxd8 Rxd8 32. Kg3 Re8 33. Rf1+ Kg8 34. Rf4 Rb6 35. Rc3 Rb4 36. Rd3 Re7 37. e5 dxe5 38. dxe5 Rxf4 39. Kxf4 Kf7 40. Ke4 Ke6 41. Rd6+ Kf7 42. a5 a6 43. Kd4 Rc7 44. b4 Re7 45. g5 Rc7 46. Kc5 Re7 47. e6+ Ke8 48. Kb6 1-0

[Event "77. C.to Provinciale VR"]
[Site "Verona ITA"]
[Date "2017.01.22"]
[Round "5.2"]
[White "Gneo, Marco"]
[Black "Zanchetta, Nicola"]
[Result "0-1"]
[WhiteElo "1755"]
[BlackElo "1967"]
[Annotator "Gabriele Ballarin"]
[PlyCount "110"]
[EventDate "2017.01.14"]
[EventType "swiss"]
[EventRounds "6"]
[EventCountry "ITA"]

1. d4 Nf6 2. c4 c5 3. d5 Ne4 4. Nd2 Qa5 5. Qc2 Nd6 6. e4 g6 7. b3 Bg7 8. Bb2 Bxb2 9. Qxb2 f6 10. Bd3 b5 11. e5 bxc4 12. bxc4 fxe5 13. Qxe5 O-O 14. Ngf3 Nf7 15. Qe3 d6 16. O-O Qd8 17. Ne4 Nd7 18. Nfg5 Nxg5 19. Nxg5 Ne5 20. Be2 Rb8 21. Rab1 Rxb1 22. Rxb1 Bf5 23. Rb7 Qa5 24. Rxe7 Qxa2 25. g4 h6 26. Ne6 Qb1+ 27. Kg2 Qe4+ 28. Kg3 Qxe3+ 29. fxe3 Bxe6 30. dxe6 a5 31. Ra7 Re8 32. Bf1 Rxe6 33. Bg2 Kf8 34. Bd5 Re7 35. Rxa5 Nd3 36. e4 Nb4 37. Ra8+ Re8 38. h4 Rxa8 39. Bxa8 g5 40. hxg5 hxg5 41. e5 dxe5 42. Kf3 Ke7 43. Ke4 Ke6 44. Bb7 Kf6 45. Bc8 Nc6 46. Bb7 Ne7 47. Ba8 Ke6 48. Bb7 Kd6 49. Ba8 Nc8 50. Bd5 Nb6 51. Bf7 Ke7 52. Bg8 Nd7 53. Kf5 Nf6 54. Bd5 Nxd5 55. cxd5 c4 0-1

[Event "77. C.to Provinciale VR"]
[Site "Verona ITA"]
[Date "2017.02.22"]
[Round "5.3"]
[White "Pieropan, Giorgio"]
[Black "Steccanella, Willi"]
[Result "0-1"]
[WhiteElo "1836"]
[BlackElo "1859"]
[Annotator "Gabriele Ballarin"]
[PlyCount "132"]
[EventDate "2017.01.14"]
[EventType "swiss"]
[EventRounds "6"]
[EventCountry "ITA"]

1. e4 d6 2. d4 Nf6 3. Nc3 e5 4. Nf3 exd4 5. Nxd4 Be7 6. Bc4 O-O 7. O-O Nxe4 8. Nxe4 d5 9. Bxd5 Qxd5 10. Nc3 Qd8 11. Be3 Nd7 12. Qe2 Nf6 13. Rad1 Bd7 14. Qc4 c6 15. Nf5 Re8 16. Nxe7+ Qxe7 17. Bg5 Rad8 18. Qh4 Bf5 19. Bxf6 Qxf6 20. Qxf6 gxf6 21. Rxd8 Rxd8 22. Rd1 Rxd1+ 23. Nxd1 Bxc2 24. Ne3 Bd3 25. f4 f5 26. Kf2 Kf8 27. Ke1 Ke7 28. Kd2 Be4 29. Kc3 Ke6 30. b4 Bd5 31. a3 f6 32. g3 b6 33. Kd4 Bb3 34. Ng2 Kd6 35. Ne3 Be6 36. Nc2 c5+ 37. Kd3 Kc6 38. bxc5 bxc5 39. Kc3 Kb5 40. Ne1 Ka4 41. Nd3 Kxa3 42. Nxc5 Bc8 43. h3 a6 44. Kc4 Kb2 45. Kd3 Kc1 46. Nb3+ Kd1 47. Na5 Ke1 48. Ke3 Kf1 49. Kf3 Be6 50. g4 h6 51. Kg3 Ke2 52. Nc6 Ke3 53. Na5 fxg4 54. hxg4 Bd5 55. f5 Kd4 56. Kh4 Kc5 57. Kh5 Kb5 58. Kxh6 Kxa5 59. Kg7 Kb5 60. Kxf6 a5 61. Kg7 a4 62. g5 a3 63. f6 a2 64. f7 a1=Q+ 65. Kg8 Qg1 66. Kh7 Bxf7 0-1

[Event "77. C.to Provinciale VR"]
[Site "Verona ITA"]
[Date "2017.01.22"]
[Round "5.5"]
[White "Dalla Vecchia, Paolo"]
[Black "Ferrara, Pietro"]
[Result "1/2-1/2"]
[WhiteElo "1872"]
[BlackElo "1915"]
[Annotator "Gabriele Ballarin"]
[PlyCount "92"]
[EventDate "2017.01.14"]
[EventType "swiss"]
[EventRounds "6"]
[EventCountry "ITA"]

1. d4 d5 2. Nf3 c5 3. dxc5 Nc6 4. c4 e6 5. Nc3 Nf6 6. Bg5 d4 7. Bxf6 Qxf6 8. Nb5 Qd8 9. Nbxd4 Nxd4 10. Qxd4 Qxd4 11. Nxd4 Bxc5 12. O-O-O O-O 13. e3 e5 14. Nb5 b6 15. Nc7 Rb8 16. Be2 Bb7 17. Nd5 Rbc8 18. b4 Bxd5 19. Rxd5 Bxb4 20. Rxe5 Rfd8 21. Rd1 Rxd1+ 22. Kxd1 Rd8+ 23. Kc1 Be1 24. f4 Bd2+ 25. Kc2 f6 26. Re4 Bb4 27. Bf3 Rd2+ 28. Kb3 Bc5 29. Re8+ Kf7 30. Ra8 Rd3+ 31. Kc2 Ra3 32. Kb2 Rxe3 33. Rxa7+ Kg6 34. f5+ Kh6 35. a4 b5 36. Rd7 bxa4 37. Rd5 a3+ 38. Ka2 Re5 39. h4 Rxd5 40. cxd5 g5 41. fxg6 hxg6 42. g4 Bd6 43. Be4 f5 44. gxf5 gxf5 45. Bxf5 Kh5 46. Bb1 Kxh4 1/2-1/2